000 00926nam a22002655i 4500
001 20809789
003 OSt
005 20240222093538.0
008 190111s2019 nju 000 0 eng
020 _a9780135380192 (paperback)
040 _aDLC
_beng
_erda
_cDLC
_dNUST
050 _aTK7887 SCH
100 1 _aSchmidt, Cheryl.
_eAuthor
245 1 0 _aComplete a+ guide to it hardware and software :
_ba comptia a+ 220-1001 / 220-1002 textbook /
_cCheryl Schmidt.
250 _aEighth edition.
260 _aUnited States of America :
_bPearson,
_c©2020.
300 _axiv, 310 pages :
_billustrations ;
_c28 cm.
336 _atext
_btxt
_2rdacontent
337 _aunmediated
_bn
_2rdamedia
338 _avolume
_bnc
_2rdacarrier
650 _vComputer Hardware and software
650 _vConfiguration Labs
650 _vComputer and Nework Security Labs
942 _2lcc
_cBOOKS
_eEighth edition
_hTK7887
_kTK
_mSCH
_n0
999 _c170768
_d170768